000 01489nam a2200361 c 4500
003 BLK
005 20180521101330.0
008 180408b bul|||||r ||||||| ||bul||
010 _aKNG00076922000
020 _a954-01-1885-9
_bиздат.: Просвета
040 _aBLK
041 _aBUL
_cDEU
_hDEU
080 _aНемски език (високонемски, стандартен писмен)
_b811.112.2
_x-541(075)
_z811.112.2-541(075)
080 _aНемски език (високонемски, стандартен писмен)
_b811.112.2
_x-551/-559(075)
_z811.112.2-551/-559(075)
100 1 _aГеоргиева, Детелина Маринова
_eпърви автор
_9295932
139 _aГеоргиева, Детелина Маринова
_bГ 37
245 1 0 _aПредставките в немския език
_cДетелина Маринова Георгиева.
257 _aBGR
260 София
_bПросвета
_c2006
_fСофия : Монт
300 _a182 с.
_c22 см
380 _a80
500 _aОфс. изд.
650 4 _aНемски език - словообразуване
_9295933
650 4 _aНемски език - глагол
_9281261
653 _aнемски език
653 _aпредставки
653 _aсловообразуване
852 _aЦб 235108
856 4 _qpdf
_u
856 4 _qpdf
_u
942 _cKNG
_n0
_01
944 _aCR
_c03.08.2007
_lф /
_kЛюдмила_Стоянова
944 _aED
_c20.02.2013
_lф /
_k
999 _c72547
_d72547